| 000 | 00619nam a2200181 i 4500 | ||
|---|---|---|---|
| 001 | 101762 | ||
| 003 | ES-MaACL | ||
| 005 | 20230906182956.0 | ||
| 007 | t| | ||
| 008 | 051025s1964 sp ||||1| spa d | ||
| 100 | 1 |
_aMeier, Gerald M. _979824 |
|
| 245 | 1 | 0 |
_aDesarrollo económico _b: Teoria. Historia. Política / _cGerald Meier M., Robert E. Baldwin; traducción del inglés por Javier Irastorza Revuelta. |
| 260 |
_aMadrid : _bAguilar, _c1964. |
||
| 300 |
_aXIX, 592 p. ; _c22 cm. |
||
| 700 | 1 |
_aBaldwin, Robert E. _924916 |
|
| 700 | 1 |
_aIrastorza Revuelta, Javier. _965422 |
|
| 852 |
_aES-MaACL _jC-26282 _bR.55355 |
||
| 999 |
_c101762 _d101762 |
||